000 00582nam a22002057a 4500
003 UA-OsUOA
001 12513
007 ta
008 20050513b un ||||| |||| 00| 0 ukr d
100 _aТинська О.
942 _cSA
040 _aUA-OsUOA
_bukr
_cUA-OsUOA
_dUA-OsUOA
245 _a"Солярис" Станіслава Лема: на перехресті філософії та психології
_cО. Тинська; О. Тимська
300 _aС.81 - 83
955 _a0
041 _aukr
044 _aUA
773 0 _w0
650 7 _aЛем С.
_2UDC
999 _c298674
_d298674